00771nam a2200193 a 4500008004100000020001500041050001600056100001800072245009800090260003500188300001700223350000900240650002800249650003700277650003500314995008700349999001700436952012400453120416s1978 ||||||||||||||||| || u a057111055X aNA 7328 Pen aPenoyre, John10aHouses in the landscape: a regional study of vernacular building styles in England and Wales  aLondon:bFaber and Faberc1978 a175p. : ill. a0.00 aVERNACULAR ARCHITECTURE aVERNACULAR ARCHITECTURE--ENGLAND aVERNACULAR ARCHITECTURE--WALES D0.00FCBU-MAIN LIBRARY (Kitwe)H1I7.95M1UAVAILABLEZAnnex Low-Usage Collection  c45716d45716 00102lcc4070a001b001cAnnex Low-Usage Collection d2022-11-30l0oNA 7328 Penp010319r2022-11-30w2022-11-30y002